| 000 | 00703cam a2200229 4500 | ||
|---|---|---|---|
| 008 | 000000n1999 000 0 eng u | ||
| 020 | _a1901122840 | ||
| 035 | _a(Sirsi) u100538 | ||
| 041 | _aeng | ||
| 050 | _a333.00711 | ||
| 110 |
_aRoyal Institution of Chartered Surveyors _94900 |
||
| 245 | 4 | _aThe official prospectus to surveying education: higher education courses in land, property and construction. | |
| 250 | _a3rd | ||
| 260 |
_aWallingford, Oxon. _bGTI Specialist Publishers Ltd. _c1999 |
||
| 300 | _a80p. ; 21cm. | ||
| 350 | _a0 | ||
| 650 | _aHIGHER EDUCATION | ||
| 650 | _aPOSTGRADUATE COURSES | ||
| 650 | _aRICS ACCREDITED COURSES | ||
| 650 | _aSURVEYING COURSES | ||
| 942 | _n0 | ||
| 999 |
_c99716 _d99716 |
||